Programa analítico de Derecho Penal.

Saved in:
Bibliografiske detaljer
Hovedforfatter: Rivacoba y Rivacoba, Manuel de
Format: Bog
Sprog:spansk
Udgivet: Valparaíso, Chile EDEVAL 1984
Udgivelse:Tercera edición
Fag:
Tags: Tilføj Tag
Ingen Tags, Vær først til at tagge denne postø!

MARC

LEADER 00000nam a2200000 a 4500
001 UCS0143
003 CL-VaPUC
005 20240819122410.0
008 970418e19840000CL |||||||||||||||||spa|d
999 |c 258388  |d 258386 
040 |c Pontificia Universidad Católica de Valparaíso 
082 0 4 |a 345.83 RIV 1984  |2 21 
100 0 |a Rivacoba y Rivacoba, Manuel de  |9 383285 
245 1 0 |a Programa analítico de Derecho Penal. 
250 |a Tercera edición 
260 0 3 |a Valparaíso, Chile  |b EDEVAL  |c 1984 
300 |a 267 páginas. 
583 |a last modification  |c 19970418 00:00:00  |k Rodrigo Vera 
650 7 |a DERECHO PENAL  |2 CL-VaPUC  |9 11 
650 0 |a Teoría del derecho  |9 255982 
650 0 |a Penas   |9 255927 
650 0 |a Ley penal  |9 256611 
650 0 |a Delitos  |9 224143 
650 7 |a DELITOS CONTRA LAS PERSONAS  |2 CL-VaPUC  |9 256124 
650 0 |a Hurto  |9 368483 
650 0 |a Robo  |9 383176 
650 0 |a Asesinatos   |9 401043 
650 0 |a Aborto  |9 256680 
650 7 |a INJURIA  |2 CL-VaPUC  |9 368472 
650 7 |a DELITOS CONTRA LA LIBERTAD  |2 CL-VaPUC  |9 368474 
650 7 |a DELITOS CONTRA EL HONOR  |2 CL-VaPUC  |9 383286 
650 0 |a Delitos contra la propiedad   |9 256091 
651 7 |a CHILE  |2 CL-VaPUC  |9 383287 
942 |c BK  |2 ddc 
945 |d 19970418 00:00:00  |a paguirre 
952 |0 0  |1 0  |2 ddc  |4 0  |6 345_830000000000000_RIV_1984  |7 0  |8 A  |9 282448  |a BIBDER  |b BIBDER  |d 2019-11-19  |i 1830902  |l 1  |o 345.83 RIV 1984  |p 1830902  |r 2024-11-26  |s 2024-11-26  |t 1  |w 2019-11-19  |y BK  |k DER